Лингвистика после Ф. де Соссюра: итоги и перспективы (к 155-летию со дня рождения Ф. де Соссюра) (Запись № 4455462)

Подробности
000 -МАРКЕР
контрольное поле 02361nam0a2200397 4500
001 - ИДЕНТИФИКАТОР ЗАПИСИ
контрольное поле RU\NLR\bibl\2022461
005 - ИДЕНТИФИКАТОР ВЕРСИИ
контрольное поле 20260607042440.0
010 ## - МЕЖДУНАРОДНЫЙ СТАНДАРТНЫЙ НОМЕР КНИГИ (ISBN)
Номер (ISBN) 978-5-7017-2080-8
Тираж 500
021 ## - НОМЕР ГОСУДАРСТВЕННОЙ РЕГИСТРАЦИИ
Код страны Российская Федерация
Номер 2013-22202
Номер Листа государственной регистраци 1557
035 ## - ДРУГИЕ СИСТЕМНЫЕ НОМЕРА
Идентификатор записи (NLR Aleph) 002010649
100 ## - ДАННЫЕ ОБЩЕЙ ОБРАБОТКИ
Данные общей обработки 20130410d2013 |||y0rusy50 ca
101 0# - ЯЗЫК РЕСУРСА
Язык текста, звукозаписи и т.д. русский
Язык резюме английский
102 ## - СТРАНА ПУБЛИКАЦИИ ИЛИ ПРОИЗВОДСТВА
Страна публикации Российская Федерация
105 ## - ПОЛЕ КОДИРОВАННЫХ ДАННЫХ: ТЕКСТОВЫЕ МАТЕРИАЛЫ, МОНОГРАФИЧЕСКИЕ
Кодированные данные о монографическом текстовом документе y |||||||||
200 1# - ЗАГЛАВИЕ И СВЕДЕНИЯ ОБ ОТВЕТСТВЕННОСТИ
Основное заглавие Лингвистика после Ф. де Соссюра: итоги и перспективы (к 155-летию со дня рождения Ф. де Соссюра)
Сведения, относящиеся к заглавию сборник материалов международной научной конференции (21-22 февраля 2013 г., Москва)
Первые сведения об ответственности [редкол.: Хроменков П.Н., к.филол.н. (гл. ред.) и др.]
210 ## - ПУБЛИКАЦИЯ, РАСПРОСТРАНЕНИЕ И ДР.
Место издания, распространения и т.д. Москва
Имя издателя, распространителя и т. д. Изд-во МГОУ
Дата издания, распространения и т.д. 2013
215 ## - ФИЗИЧЕСКАЯ ХАРАКТЕРИСТИКА
Специфическое обозначение материала и объем 377 с.
Размеры 21
300 ## - ОБЩИЕ ПРИМЕЧАНИЯ
Текст примечания В надзаг.: М-во образования Моск. обл., Гос. образоват. учреждение высш. проф. образования Моск. гос. обл. ун-т, Ин-т лингвистики и межкультур. коммуникации, Лингв. фак.
300 ## - ОБЩИЕ ПРИМЕЧАНИЯ
Текст примечания Рез. на англ. яз.
320 ## - ПРИМЕЧАНИЯ О НАЛИЧИИ В ДОКУМЕНТЕ БИБЛИОГРАФИИ / УКАЗАТЕЛЯ
Текст примечания Библиогр. в конце докл.
600 #1 - ИМЯ ЛИЦА КАК ПРЕДМЕТ
Начальный элемент ввода Соссюр
Часть имени, кроме начального элемента ввода Ф.де
Даты 1857 - 1913
Расширение инициалов личного имени Фердинанд де
Системный номер авторитетной/нормативной записи 2093390
Идентификатор авторитетной/нормативной записи RU\NLR\AUTH\661266839
606 1# - НАИМЕНОВАНИЕ ТЕМЫ КАК ПРЕДМЕТ
Наименование темы Языкознание
Формальный подзаголовок Съезды, совещания и т.п.
Системный номер авторитетной/нормативной записи 911558
Идентификатор авторитетной/нормативной записи RU\NLR\AUTH\6613279
686 1# - ИНДЕКСЫ ДРУГИХ КЛАССИФИКАЦИЙ
Индекс Ш1я434
686 1# - ИНДЕКСЫ ДРУГИХ КЛАССИФИКАЦИЙ
Индекс Ш1г(4Ш)дСоссюр
702 #1 - ИМЯ ЛИЦА - ВТОРИЧНАЯ ОТВЕТСТВЕННОСТЬ
Код отношения Прочие
Материалы, к которым относится поле rus
Графика поля Кириллица
Начальный элемент ввода Соссюр
Часть имени, кроме начального элемента ввода Ф. де
Даты 1857-1913
Расширение инициалов личного имени Фердинанд де
Идентификатор авторитетной/нормативной записи RU\NLR\AUTH\7720685
Системный номер авторитетной/нормативной записи 3752
702 #1 - ИМЯ ЛИЦА - ВТОРИЧНАЯ ОТВЕТСТВЕННОСТЬ
Начальный элемент ввода Хроменков
Часть имени, кроме начального элемента ввода П. Н.
Даты 1975-
Расширение инициалов личного имени Павел Николаевич
Код отношения Редактор
712 02 - НАИМЕНОВАНИЕ ОРГАНИЗАЦИИ - ВТОРИЧНАЯ ОТВЕТСТВЕННОСТЬ
Код отношения Прочие
Начальный элемент ввода Московский государственный областной университет
Структурное подразделение Институт лингвистики и межкультурной коммуникации
-- Лингвистический факультет
Системный номер авторитетной/нормативной записи 821942
Идентификатор авторитетной/нормативной записи RU\NLR\AUTH\8810163010
801 #0 - ИСТОЧНИК ЗАПИСИ
Страна Российская Федерация
Организация NLR
Дата составления 20130410
Правила каталогизации RCR
801 #1 - ИСТОЧНИК ЗАПИСИ
Страна Российская Федерация
Организация NLR
Дата составления 20130410
942 ## - ДОПОЛНИТЕЛЬНЫЕ ЭЛЕМЕНТЫ ЗАПИСИ (АБИС)
Тип экземпляра АБИС Книга
980 ## - КОЛЛЕКЦИЯ
Название коллекции НБР
980 ## - КОЛЛЕКЦИЯ
Название коллекции Национальная библиография
Экземпляры
Тип экземпляра Дата поступления Источник поступления Библиотека постоянного хранения Библиотека текущего хранения Место хранения Шифр хранения Штрих-код Статус экземпляра
Книга 10.04.2013 Обязательный экземпляр РНБ (Московский) РНБ (Московский) Русский книжный фонд: издания с 1957 года 2013-3/11711 3865193  
Книга 10.04.2013 Обязательный экземпляр РНБ (Московский) РНБ (Московский) Русский книжный фонд: издания с 1957 года 2013-3/11711 1-241596